| 000 | 00866cam a22002411 4500 | ||
|---|---|---|---|
| 001 | gs 12000485 | ||
| 003 | DLC | ||
| 005 | 20260227111313.0 | ||
| 008 | 770922s1912 dcuab f000 0 eng c | ||
| 010 | _ags 12000485 | ||
| 035 | _a(OCoLC)3287573 | ||
| 040 |
_aU.S. Geol. Survey. Libr. _cUU _dOCoLC _dDLC |
||
| 042 | _apremarc | ||
| 050 | 0 | 0 |
_aQE75 _b.B9 no. 507 |
| 051 |
_aTN23.4 _b.H5 _cCopy 2. |
||
| 100 | 1 |
_aHill, James M. _q(James Madison), _d1884- |
|
| 245 | 1 | 4 |
_aThe mining districts of the western United States, _cby James M. Hill, with a geologic introduction, by Waldemar Lindgren. |
| 260 |
_aWashington, _bGovt. Print. Off., _c1912. |
||
| 300 |
_a309 p. _billus., XVI fold. maps. _c24 cm. |
||
| 490 | 0 |
_aUnited States Geological survey. Bulletin _v507 |
|
| 650 | 0 |
_aMines and mineral resources _zUnited States. |
|
| 700 | 1 |
_aLindgren, Waldemar, _d1860-1939. |
|
| 999 |
_c25159 _d25159 |
||